| 000 | 00891nas a2200289 i 4500 | ||
|---|---|---|---|
| 001 | 2750 | ||
| 003 | ES-MaACL | ||
| 005 | 20250814062601.0 | ||
| 007 | t| | ||
| 008 | 000214c1971 sp m| | 0 ||pa d | ||
| 022 | _a0365-6691 | ||
| 080 | _a(460) | ||
| 080 | _a617.7 | ||
| 080 | _a06 | ||
| 245 | 0 | 0 | _aArchivos de la Sociedad Española de Oftalmología. |
| 260 |
_aMadrid : _bSociedad Española de Oftalmología, _c1971- |
||
| 300 |
_a104 v. ; _c25 cm. |
||
| 310 | _aMensual | ||
| 362 | 0 | _aVol. 31, nº 1 (en. 1971)- | |
| 650 | 1 | 4 |
_aOftalmología. _915693 |
| 650 | 4 |
_aInstituciones científicas y diversas _913829 |
|
| 710 | 2 |
_aSociedad Española de Oftalmología. _96742 |
|
| 780 | 0 | 0 | _aArchivos de la Sociedad Oftalmológica Hispano-Americana |
| 852 |
_aES-MaACL _jHem-962 |
||
| 866 | 0 |
_o1971-77(1978 f.n8)(1979 f.n3)1980-96(1997). _zDeja de recibirse |
|
| 999 |
_c2750 _d2750 |
||